000 00926nam1a22002411 4500
001 rc\4155796
005 20250807185148.0
035 _a(NLR Aleph) 007993563
090 _a88647
_c88647
100 _a20130415d1949 u y0rusy50 ca
101 0 _arus
102 _aRU
105 _ay z |||||
200 1 _aСинтетические методы в области металлоорганических соединений
_fПод общ. ред. А.Н. Несмеянова и К.А. Кочешкова
_gАкад. наук Союза ССР. Ин-т органич. химии. Вып. 1-
210 _aМосква
_aЛенинград
_cИзд-во Акад. наук СССР
_d1949
215 _d26
801 0 _aRU
_bNLR
_gpsbo
801 1 _aRU
_bELAR
_2rusmarc
852 _aNLR
_jХ02 Г-7/10
942 _cBOOK
945 _aРоссийская национальная библиотека
980 _aNB
980 _aBV